<?xml version="1.0" encoding="UTF-8"?>
<record
    xmlns:xsi="http://www.w3.org/2001/XMLSchema-instance"
    xsi:schemaLocation="http://www.loc.gov/MARC21/slim http://www.loc.gov/standards/marcxml/schema/MARC21slim.xsd"
    xmlns="http://www.loc.gov/MARC21/slim">

  <leader>02988nas1a22003011i 4500</leader>
  <controlfield tag="001">RU\NLR\Per\1231299</controlfield>
  <controlfield tag="005">20260407231514.0</controlfield>
  <datafield tag="035" ind1=" " ind2=" ">
    <subfield code="a">(NLR Aleph) 011142302</subfield>
  </datafield>
  <datafield tag="090" ind1=" " ind2=" ">
    <subfield code="a">11626122</subfield>
    <subfield code="c">11626122</subfield>
  </datafield>
  <datafield tag="100" ind1=" " ind2=" ">
    <subfield code="a">20160524a20169999|||y0rusy50      ca</subfield>
  </datafield>
  <datafield tag="101" ind1="0" ind2=" ">
    <subfield code="a">rus</subfield>
  </datafield>
  <datafield tag="102" ind1=" " ind2=" ">
    <subfield code="a">RU</subfield>
  </datafield>
  <datafield tag="110" ind1=" " ind2=" ">
    <subfield code="a">ay|||||||||</subfield>
  </datafield>
  <datafield tag="200" ind1="1" ind2=" ">
    <subfield code="a">&#x421;&#x435;&#x432;&#x437;&#x430;&#x43F;&#x441;&#x442;&#x440;&#x43E;&#x439;&#x446;&#x435;&#x43D;&#x430;. &#x418;&#x43D;&#x434;&#x435;&#x43A;&#x441;&#x44B; &#x438;&#x437;&#x43C;&#x435;&#x43D;&#x435;&#x43D;&#x438;&#x44F; &#x441;&#x43C;&#x435;&#x442;&#x43D;&#x43E;&#x439; &#x441;&#x442;&#x43E;&#x438;&#x43C;&#x43E;&#x441;&#x442;&#x438; &#x441;&#x442;&#x440;&#x43E;&#x438;&#x442;&#x435;&#x43B;&#x44C;&#x441;&#x442;&#x432;&#x430; &#x43A; &#x446;&#x435;&#x43D;&#x430;&#x43C; &#x422;&#x421;&#x41D;&#x411;-&#x41B;&#x41E;-2001 &#x432; &#x440;&#x435;&#x434;&#x430;&#x43A;&#x446;&#x438;&#x438; 2014 &#x433;., &#x422;&#x415;&#x420;-&#x41B;&#x41E;-2001 &#x432; &#x440;&#x435;&#x434;&#x430;&#x43A;&#x446;&#x438;&#x438; 2001-2007 &#x433;&#x433;.</subfield>
    <subfield code="e">&#x435;&#x436;&#x435;&#x43C;&#x435;&#x441;&#x44F;&#x447;&#x43D;&#x44B;&#x439; &#x431;&#x44E;&#x43B;&#x43B;&#x435;&#x442;&#x435;&#x43D;&#x44C;</subfield>
    <subfield code="e">&#x438;&#x437;&#x434;&#x430;&#x43D;&#x438;&#x435; &#x43E;&#x444;&#x438;&#x446;&#x438;&#x430;&#x43B;&#x44C;&#x43D;&#x43E;&#x435;</subfield>
    <subfield code="f">&#x41B;&#x435;&#x43D;&#x438;&#x43D;&#x433;&#x440;. &#x43E;&#x431;&#x43B;. &#x420;&#x426;&#x426;&#x421;</subfield>
  </datafield>
  <datafield tag="210" ind1=" " ind2=" ">
    <subfield code="a">&#x421;&#x430;&#x43D;&#x43A;&#x442;-&#x41F;&#x435;&#x442;&#x435;&#x440;&#x431;&#x443;&#x440;&#x433;</subfield>
    <subfield code="c">[&#x431;.&#x438;.]</subfield>
    <subfield code="d">2016 -</subfield>
  </datafield>
  <datafield tag="300" ind1=" " ind2=" ">
    <subfield code="a">&#x412; &#x43D;&#x430;&#x434;&#x437;&#x430;&#x433;. &#x442;&#x430;&#x43A;&#x436;&#x435;: &#x41B;&#x435;&#x43D;&#x438;&#x43D;&#x433;&#x440;. &#x43E;&#x431;&#x43B;., &#x41F;&#x440;&#x430;&#x432;&#x438;&#x442;&#x435;&#x43B;&#x44C;&#x441;&#x442;&#x432;&#x43E; &#x41B;&#x435;&#x43D;&#x438;&#x43D;&#x433;&#x440;. &#x43E;&#x431;&#x43B;.</subfield>
  </datafield>
  <datafield tag="311" ind1=" " ind2=" ">
    <subfield code="a">&#x420;&#x430;&#x43D;&#x435;&#x435; &#x432;&#x44B;&#x445;&#x43E;&#x434;&#x438;&#x43B; &#x43A;&#x430;&#x43A;: &#x421;&#x435;&#x432;&#x437;&#x430;&#x43F;&#x441;&#x442;&#x440;&#x43E;&#x439;&#x446;&#x435;&#x43D;&#x430;. &#x418;&#x43D;&#x434;&#x435;&#x43A;&#x441;&#x44B; &#x438;&#x437;&#x43C;&#x435;&#x43D;&#x435;&#x43D;&#x438;&#x44F; &#x441;&#x43C;&#x435;&#x442;&#x43D;&#x43E;&#x439; &#x441;&#x442;&#x43E;&#x438;&#x43C;&#x43E;&#x441;&#x442;&#x438; &#x441;&#x442;&#x440;&#x43E;&#x438;&#x442;&#x435;&#x43B;&#x44C;&#x441;&#x442;&#x432;&#x430; &#x43A; &#x431;&#x430;&#x437;&#x435; 1984 &#x433;., &#x43A; &#x446;&#x435;&#x43D;&#x430;&#x43C; &#x422;&#x415;&#x420;-2001 &#x438; &#x43A; &#x446;&#x435;&#x43D;&#x430;&#x43C; &#x424;&#x415;&#x420;-2001</subfield>
  </datafield>
  <datafield tag="430" ind1=" " ind2="0">
    <subfield code="1">2001#$a&#x421;&#x435;&#x432;&#x437;&#x430;&#x43F;&#x441;&#x442;&#x440;&#x43E;&#x439;&#x446;&#x435;&#x43D;&#x430;. &#x418;&#x43D;&#x434;&#x435;&#x43A;&#x441;&#x44B; &#x438;&#x437;&#x43C;&#x435;&#x43D;&#x435;&#x43D;&#x438;&#x44F; &#x441;&#x43C;&#x435;&#x442;&#x43D;&#x43E;&#x439; &#x441;&#x442;&#x43E;&#x438;&#x43C;&#x43E;&#x441;&#x442;&#x438; &#x441;&#x442;&#x440;&#x43E;&#x438;&#x442;&#x435;&#x43B;&#x44C;&#x441;&#x442;&#x432;&#x430; &#x43A; &#x431;&#x430;&#x437;&#x435; 1984 &#x433;., &#x43A; &#x446;&#x435;&#x43D;&#x430;&#x43C; &#x422;&#x415;&#x420;-2001 &#x438; &#x43A; &#x446;&#x435;&#x43D;&#x430;&#x43C; &#x424;&#x415;&#x420;-2001</subfield>
    <subfield code="t">&#x421;&#x435;&#x432;&#x437;&#x430;&#x43F;&#x441;&#x442;&#x440;&#x43E;&#x439;&#x446;&#x435;&#x43D;&#x430;. &#x418;&#x43D;&#x434;&#x435;&#x43A;&#x441;&#x44B; &#x438;&#x437;&#x43C;&#x435;&#x43D;&#x435;&#x43D;&#x438;&#x44F; &#x441;&#x43C;&#x435;&#x442;&#x43D;&#x43E;&#x439; &#x441;&#x442;&#x43E;&#x438;&#x43C;&#x43E;&#x441;&#x442;&#x438; &#x441;&#x442;&#x440;&#x43E;&#x438;&#x442;&#x435;&#x43B;&#x44C;&#x441;&#x442;&#x432;&#x430; &#x43A; &#x431;&#x430;&#x437;&#x435; 1984 &#x433;., &#x43A; &#x446;&#x435;&#x43D;&#x430;&#x43C; &#x422;&#x415;&#x420;-2001 &#x438; &#x43A; &#x446;&#x435;&#x43D;&#x430;&#x43C; &#x424;&#x415;&#x420;-2001</subfield>
  </datafield>
  <datafield tag="517" ind1="1" ind2=" ">
    <subfield code="a">&#x421;&#x435;&#x432;&#x437;&#x430;&#x43F;&#x441;&#x442;&#x440;&#x43E;&#x439;&#x446;&#x435;&#x43D;&#x430;. &#x418;&#x43D;&#x434;&#x435;&#x43A;&#x441;&#x44B; &#x438;&#x437;&#x43C;&#x435;&#x43D;&#x435;&#x43D;&#x438;&#x44F; &#x441;&#x43C;&#x435;&#x442;&#x43D;&#x43E;&#x439; &#x441;&#x442;&#x43E;&#x438;&#x43C;&#x43E;&#x441;&#x442;&#x438; &#x441;&#x442;&#x440;&#x43E;&#x438;&#x442;&#x435;&#x43B;&#x44C;&#x441;&#x442;&#x432;&#x430; &#x43A; &#x446;&#x435;&#x43D;&#x430;&#x43C; &#x422;&#x421;&#x41D;&#x411;-&#x41B;&#x41E;-2001 &#x432; &#x440;&#x435;&#x434;&#x430;&#x43A;&#x446;&#x438;&#x438; 2014 &#x433;.</subfield>
  </datafield>
  <datafield tag="517" ind1="1" ind2=" ">
    <subfield code="a">&#x418;&#x43D;&#x434;&#x435;&#x43A;&#x441;&#x44B; &#x438;&#x437;&#x43C;&#x435;&#x43D;&#x435;&#x43D;&#x438;&#x44F; &#x441;&#x43C;&#x435;&#x442;&#x43D;&#x43E;&#x439; &#x441;&#x442;&#x43E;&#x438;&#x43C;&#x43E;&#x441;&#x442;&#x438; &#x441;&#x442;&#x440;&#x43E;&#x438;&#x442;&#x435;&#x43B;&#x44C;&#x441;&#x442;&#x432;&#x430; &#x43A; &#x446;&#x435;&#x43D;&#x430;&#x43C; &#x422;&#x421;&#x41D;&#x411;-&#x41B;&#x41E;-2001 &#x432; &#x440;&#x435;&#x434;&#x430;&#x43A;&#x446;&#x438;&#x438; 2014 &#x433;., &#x422;&#x415;&#x420;-&#x41B;&#x41E;-2001 &#x432; &#x440;&#x435;&#x434;&#x430;&#x43A;&#x446;&#x438;&#x438; 2001-2007&#x433;&#x433;.</subfield>
  </datafield>
  <datafield tag="712" ind1="0" ind2="2">
    <subfield code="4">570</subfield>
    <subfield code="a">&#x41B;&#x435;&#x43D;&#x438;&#x43D;&#x433;&#x440;&#x430;&#x434;&#x441;&#x43A;&#x438;&#x439; &#x43E;&#x431;&#x43B;&#x430;&#x441;&#x442;&#x43D;&#x43E;&#x439; &#x440;&#x435;&#x433;&#x438;&#x43E;&#x43D;&#x430;&#x43B;&#x44C;&#x43D;&#x44B;&#x439; &#x446;&#x435;&#x43D;&#x442;&#x440; &#x43F;&#x43E; &#x446;&#x435;&#x43D;&#x43E;&#x43E;&#x431;&#x440;&#x430;&#x437;&#x43E;&#x432;&#x430;&#x43D;&#x438;&#x44E; &#x432; &#x441;&#x442;&#x440;&#x43E;&#x438;&#x442;&#x435;&#x43B;&#x44C;&#x441;&#x442;&#x432;&#x435;</subfield>
    <subfield code="c">&#x421;&#x430;&#x43D;&#x43A;&#x442;-&#x41F;&#x435;&#x442;&#x435;&#x440;&#x431;&#x443;&#x440;&#x433;</subfield>
    <subfield code="3">RU\NLR\AUTH\8810156945</subfield>
    <subfield code="9">809299</subfield>
  </datafield>
  <datafield tag="852" ind1=" " ind2=" ">
    <subfield code="a">NLR</subfield>
    <subfield code="b">&#x41F;&#x442;</subfield>
    <subfield code="j">&#x41F;-2/202</subfield>
  </datafield>
  <datafield tag="942" ind1=" " ind2=" ">
    <subfield code="c">JOURNAL</subfield>
  </datafield>
  <datafield tag="980" ind1=" " ind2=" ">
    <subfield code="a">RUSPER</subfield>
  </datafield>
</record>
